The walls came tumbling down
Guardat en:
| Autor principal: | |
|---|---|
| Format: | Llibre |
| Idioma: | anglès |
| Publicat: |
Nueva York
Oxford University Press
1993
|
| Matèries: | |
| Etiquetes: |
Afegir etiqueta
Sense etiquetes, Sigues el primer a etiquetar aquest registre!
|
MARC
| LEADER | 00000nam a2200000 a 4500 | ||
|---|---|---|---|
| 001 | UCY6617 | ||
| 003 | CL-VaPUC | ||
| 008 | 950529e19930000US |||||||||||||||||eng|d | ||
| 082 | 0 | 4 | |a 940.5 |b STO |2 21 |
| 100 | 0 | |a Stokes, Gale |e author |9 336648 | |
| 245 | 1 | 4 | |a The walls came tumbling down |
| 246 | 1 | 4 | |a The collapse of communism in eastern europe |
| 300 | |a 319 p | ||
| 942 | |c BK | ||
| 945 | |d 19950529 00:00:00 |a rbrito | ||
| 260 | |a Nueva York |b Oxford University Press |c 1993 | ||
| 650 | 0 | |a Comunismo |9 255588 | |
| 650 | 0 | |a Política |9 255312 | |
| 651 | 7 | |a EUROPA DEL ESTE |2 CL-VaPUC |9 336649 | |
| 651 | 7 | |a HUNGRIA |2 CL-VaPUC |9 336650 | |
| 651 | 7 | |a POLONIA |2 CL-VaPUC |9 321936 | |
| 651 | 0 | |a Yugoslavia |9 313912 | |
| 583 | |a last modification |c 19950529 00:00:00 |k Rodrigo Vera | ||
| 999 | |c 234172 |d 234170 | ||
| 952 | |0 0 |1 0 |4 0 |6 940_500000000000000_STO_1993 |7 0 |8 A |9 240213 |a BIBHIS |b BIBHIS |d 2019-11-18 |i 308678K |o 940.5 STO 1993 |p 308678K |r 2025-01-20 |w 2019-11-18 |y BK |k HIS | ||